[Event "12th Arad Open 2019"]
[Site "Arad"]
[Date "2019.07.25"]
[Round "2.26"]
[White "Magold, Victor"]
[Black "Bonte, Andrei-Mihai"]
[Result "1/2-1/2"]
[WhiteElo "1962"]
[BlackElo "2337"]
[Annotator "TA"]
[PlyCount "112"]
[EventDate "2019.07.24"]
[EventType "swiss"]
[EventCountry "ROU"]
[SourceTitle "playchess.com"]
[Source "ChessBase"]
[SourceQuality "1"]

{[%evp 15,112,34,24,0,0,12,4,-12,-3,-15,0,0,0,0,0,0,6,0,0,-6,5,11,16,-6,-6,-6,0,-4,-5,-1,0,0,0,0,-7,0,0,0,0,0,0,0,0,0,0,-109,-17,-16,-19,-29,-8,-8,-8,-8,-8,-8,0,0,0,0,0,0,0,0,0,0,0,0,0,0,0,0,0,0,0,0,0,0,0,0,0,0,0,0,0,0,0,0,0,0,0,0,0,0,0,0,0,0,0]} 1. d4 Nf6 2. Nf3 e6 3. g3 b6 4. Bg2 Bb7 5. O-O c5 6. c4 cxd4 7. Nxd4 Bxg2 8. Kxg2 Qc8 9. Qd3 {A30: Symmetrical English: Double Fianchetto and Hedgehog} (9. b3 Be7 10. Ba3 Bxa3 11. Nxa3 a6 12. Rc1 O-O 13. Nb1 Nc6 14. Nc3 Ne5 15. Nf3 Qb7 16. Qd6 Nxf3 17. exf3 Rfc8 {½-½ (88) Zhou,J (2636)-Yu,Y (2672) Hefei 2011}) 9... Nc6 10. Nxc6 Qxc6+ 11. Kg1 Be7 12. b3 O-O 13. Ba3 $146 ({Predecessor:} 13. Nc3 Rfd8 14. Bb2 d5 15. cxd5 Nxd5 16. Qf3 Rac8 17. Nxd5 Qxd5 {0-1 (46) Bellin,J (2245)-Liu,S (2200) Thessaloniki 1984}) 13... Bxa3 14. Nxa3 Rfd8 15. Rac1 a6 16. Rfd1 Rac8 17. Qe3 h5 18. Nc2 d5 19. Nd4 Qc5 {[%cal Rd5c4]} 20. cxd5 Qxd5 {...Rxc1 is the strong threat.} 21. Rd3 {And now Nc6 would win.} Ng4 22. Qd2 {Black must now prevent Nxe6!} Ne5 $40 {[%mdl 128] Black is up to no good.} 23. Rxc8 Rxc8 24. Nf5 $1 {[#]} Qxd3 $1 {[%mdl 576] Remove Defender} 25. exd3 (25. Qxd3 Rc1+) 25... Nf3+ {[%mdl 64] Double Attack} 26. Kg2 Nxd2 27. Ne7+ {[%mdl 64] Double Attack} Kf8 28. Nxc8 $11 {[%mdl 4096] Endgame KN-KN} b5 29. f4 Nb1 (29... Ke8 $5 30. Nd6+ $8 Ke7 $11) 30. a4 {[#]} (30. Kf2 $11) 30... bxa4 ({Black should play} 30... Nc3 $1 $17 31. axb5 Nxb5) 31. bxa4 Nc3 32. a5 Nd5 33. Kf3 {The position is equal.} Nb4 34. Ke3 Nc6 35. Nb6 $1 Nxa5 36. Nd7+ $1 Ke7 37. Nc5 Kd6 38. Nxa6 Nc6 39. Ke4 g6 40. Ke3 f6 41. Ke4 Ne7 42. Nb4 Nf5 43. Nc2 Kc5 44. Ne1 Nd6+ 45. Ke3 Kd5 46. Nf3 Nf5+ 47. Kf2 Nd4 48. Nh4 g5 49. fxg5 fxg5 50. Nf3 Nxf3 51. Kxf3 {K3P-K3P} Kd4 52. Ke2 $1 g4 53. Kd2 e5 54. Ke2 e4 55. dxe4 Kxe4 56. Kf2 Kd3 {Accuracy: White = 80%, Black = 49%.} 1/2-1/2

[Event "12th Arad Open 2019"]
[Site "Arad"]
[Date "2019.07.25"]
[Round "2.27"]
[White "Balla, Tamas-Kristof"]
[Black "Pietinen, Pekka"]
[Result "1-0"]
[WhiteElo "2336"]
[BlackElo "1973"]
[Annotator "TA"]
[PlyCount "53"]
[EventDate "2019.07.24"]
[EventType "swiss"]
[EventCountry "ROU"]
[SourceTitle "playchess.com"]
[Source "ChessBase"]
[SourceQuality "1"]

{[%evp 9,53,0,13,5,29,35,70,50,56,53,62,46,63,74,120,111,97,76,106,99,105,80,273,109,109,91,81,99,197,192,179,191,189,192,219,220,247,175,170,146,217,218,207,208,768,743]} 1. e4 e5 2. Nf3 Nf6 3. d3 Nc6 4. g3 d5 (4... g6 5. Bg2 Bg7 6. c4 d6 7. h3 O-O 8. Nc3 Nd7 9. Bg5 f6 10. Be3 f5 11. exf5 gxf5 12. Qd2 {0-1 (44) Duda,J (2738)-Giri,A (2783) Wijk aan Zee 2019}) 5. exd5 Qxd5 6. Bg2 {C44: Ponziani Opening and Scotch Gambit} Be7 (6... Bg4 {keeps more tension.} 7. h3 Be6 8. Nc3 Qd7 9. Ng5 Bf5) 7. O-O Qd6 $146 ({Predecessor:} 7... Bb4 8. a3 Ba5 9. b4 Bg4 10. bxa5 Bxf3 11. Bxf3 Qxa5 12. Bxc6+ bxc6 {1-0 (34) Marin Ortiz,O (1842)-Aguirre Aguirre,K Dosquebradas 2018}) 8. Nbd2 {White is slightly better.} Be6 9. Re1 O-O 10. a3 Rad8 11. b4 {[%cal Bb2b4,Bb4b5][%mdl 32]} Ne8 12. b5 {[#] Threatens to win with Ne4.} Nd4 13. Nxe5 {Hoping for a4.} Bf6 14. Ndc4 Bxc4 15. Nxc4 Qc5 $2 {[#]} (15... Qd7 $16) 16. Be3 $2 ({Inferior is} 16. Bxb7 Qxb5 17. Be4 Nxc2 $11) (16. a4 $1 $18) 16... Qxb5 $16 17. Rb1 $36 {[%mdl 2048] White is really pushing.} Qa4 18. Rxb7 Nd6 (18... Qxc2 $16 19. Rxa7 Qc3) 19. Nxd6 $18 ({Don't play} 19. Rxc7 $6 Qxc2 20. a4 h6 $16) 19... Rxd6 20. Rxc7 Qxa3 21. c4 Qa5 22. Rb7 {aiming for Bd2.} Nc2 23. Re2 Nxe3 24. fxe3 Qc3 (24... Rb6 $16 25. d4 Rxb7 26. Bxb7 Qa3) 25. Bd5 ({Stronger than} 25. Rxa7 Rxd3 26. Qc2 Rxe3 $11) 25... h5 26. d4 a5 $2 (26... Rb6 27. Rxa7 Bg5) 27. Rb3 {Accuracy: White = 76%, Black = 26%.} 1-0

[Event "12th Arad Open 2019"]
[Site "Arad"]
[Date "2019.07.25"]
[Round "2.28"]
[White "Ciorgovean, Iustin"]
[Black "Secrieru, Andrei-Cristian"]
[Result "1/2-1/2"]
[WhiteElo "2330"]
[BlackElo "1968"]
[Annotator "TA"]
[PlyCount "47"]
[EventDate "2019.07.24"]
[EventType "swiss"]
[EventCountry "ROU"]
[SourceTitle "playchess.com"]
[Source "ChessBase"]
[SourceQuality "1"]

{[%evp 13,47,14,19,6,42,41,49,-4,6,6,22,0,-5,0,11,0,26,20,30,0,0,-30,-18,-30,-39,-53,-30,-31,-18,-25,-16,-25,-17,-31,-26,-152]} 1. d4 Nf6 2. c4 e6 3. Nc3 Bb4 4. Qc2 O-O 5. a3 Bxc3+ 6. Qxc3 b5 7. cxb5 c6 8. Qd3 {E32: Nimzo-Indian: Classical (4 Qc2): 4...0-0} Qa5+ $146 ({Predecessor:} 8... d5 9. Bg5 cxb5 10. Nf3 a5 11. e3 Ba6 12. b4 axb4 13. axb4 Nc6 14. Rb1 Qd6 15. Bxf6 gxf6 {1-0 (30) Kasimdzhanov,R (2672)-Naiditsch,A (2676) Fuegen 2006}) 9. Bd2 Qxb5 10. Qc2 ({White should play} 10. Qxb5 $14 cxb5 11. e3) 10... Ba6 11. Nf3 Qb7 12. g3 d5 13. Bg2 Qb5 {[%csl Ga6][%cal Rb5e2] [#]} (13... Nbd7 {with more complications.} 14. Rb1 Ne4 15. Be3 Rfc8 16. b4 Nb6) 14. Bf4 Rc8 15. b4 Nbd7 16. Ra2 Qb6 17. O-O Bc4 18. Raa1 a5 19. Bd6 axb4 20. Bxb4 c5 21. dxc5 Nxc5 22. Ne5 Ba6 {Black wants to play ...Nd3!} 23. Qb2 Nfe4 {Threatens to win with ...Na4.} 24. Rab1 {Accuracy: White = 27%, Black = 45%.} (24. Qd4 $1 $11 {keeps the balance.}) 1/2-1/2

[Event "12th Arad Open 2019"]
[Site "Arad"]
[Date "2019.07.25"]
[Round "2.29"]
[White "Bucek, Eduard"]
[Black "Tomici, Stefan"]
[Result "1/2-1/2"]
[WhiteElo "1960"]
[BlackElo "2329"]
[Annotator "TA"]
[PlyCount "42"]
[EventDate "2019.07.24"]
[EventType "swiss"]
[EventCountry "ROU"]
[SourceTitle "playchess.com"]
[Source "ChessBase"]
[SourceQuality "1"]

{[%evp 25,42,9,25,0,11,0,0,-8,0,0,42,46,47,51,75,41,77,0,71]} 1. d4 Nf6 2. Nf3 e6 3. g3 b6 4. Bg2 Bb7 5. O-O Be7 6. c4 O-O 7. Nc3 d5 8. Ne5 Na6 9. cxd5 exd5 10. Bg5 c5 11. e3 Ne4 12. Bxe7 Qxe7 13. Rc1 Rfd8 14. a3 {E18: Queen's Indian: Old Main Line (4 g3 Bb7 5 Bg2 Be7 6 0-0 0-0 7 Nc3)} (14. Qa4 Nxc3 15. Rxc3 Nc7 16. b3 Qd6 17. Rcc1 {½-½ (17) Pantsulaia,L (2615)-Tiviakov,S (2662) Nakhchivan 2015}) 14... Nc7 15. Qa4 Nxc3 $146 ({Predecessor:} 15... Qe6 16. Nf3 Nxc3 17. Rxc3 Bc6 18. Qd1 c4 19. Ne5 Be8 20. a4 f6 21. Nf3 b5 22. axb5 Nxb5 {1-0 (54) Tan,B-Schumacher,H Buenos Aires 1978}) 16. Rxc3 Ne6 17. Rd1 cxd4 18. exd4 Qe8 19. Qb4 Qf8 20. Qb5 Qe8 21. Qb4 Qf8 $1 1/2-1/2

[Event "12th Arad Open 2019"]
[Site "Arad"]
[Date "2019.07.25"]
[Round "2.30"]
[White "Ardeleanu, Alin"]
[Black "Nedelcu, Teodor-Cosmin"]
[Result "1-0"]
[WhiteElo "2323"]
[BlackElo "1963"]
[Annotator "RC"]
[PlyCount "114"]
[EventDate "2019.07.24"]
[EventType "swiss"]
[EventCountry "ROU"]
[SourceTitle "playchess.com"]
[Source "ChessBase"]
[SourceQuality "1"]
[TimeControl "40/5400+30:900+30"]

1. e4 {[%emt 0:02:42]} c5 {[%emt 0:00:00]} 2. b3 {[%emt 0:02:01]} e6 {[%emt 0:00:00]} 3. Nf3 {[%emt 0:00:20]} Nc6 {[%emt 0:00:01]} 4. Bb2 {[%emt 0:01:22]} Nf6 {[%emt 0:00:26]} 5. e5 {[%emt 0:01:04]} Nd5 {[%emt 0:00:25]} 6. g3 {[%emt 0:02:39]} Be7 {[%emt 0:00:29]} 7. c4 {[%emt 0:01:07]} Nc7 {[%emt 0:00:43]} 8. Bg2 {[%emt 0:00:16]} O-O {[%emt 0:00:14]} 9. O-O {[%emt 0:00:09]} b6 {[%emt 0:00:09]} 10. d4 {[%emt 0:02:59]} cxd4 {[%emt 0:00:50]} 11. Nxd4 {[%emt 0:00:09]} Bb7 {[%emt 0:00:48]} 12. Nc3 {[%emt 0:01:29]} Rb8 {[%emt 0:00:21]} 13. Nxc6 {[%emt 0:25:56]} Bxc6 {[%emt 0:00:11]} 14. Bxc6 {[%emt 0:00:48]} dxc6 {[%emt 0:00:03]} 15. Qf3 {[%emt 0:01:21]} Qd2 {[%emt 0:00:38]} 16. Rab1 {[%emt 0:02:18]} Rbc8 {[%emt 0:04:12]} 17. Ne4 {[%emt 0:07:20]} Qa5 {[%emt 0:01:15]} 18. a3 {[%emt 0:10:24]} Rfd8 {[%emt 0:01:44]} 19. Rfd1 {[%emt 0:00:38]} Ne8 {[%emt 0:02:25]} 20. Kg2 {[%emt 0:01:53]} Qa6 {[%emt 0:01:44]} 21. h4 {[%emt 0:08:39]} Qb7 {[%emt 0:02:28]} 22. Rbc1 {[%emt 0:00:39]} c5 {[%emt 0:01:20]} 23. Nf6+ {[%emt 0:00:05]} gxf6 {[%emt 0:00:16]} 24. Qxb7 {[%emt 0:00:06]} Rc7 {[%emt 0:00:30]} 25. Qxc7 {[%emt 0:00:33]} Nxc7 {[%emt 0:00:06]} 26. exf6 {[%emt 0:00:17]} Bd6 {[%emt 0:00:38]} 27. Rd3 {[%emt 0:00:26]} Ne8 {[%emt 0:00:23]} 28. Rcd1 {[%emt 0:00:04]} Ra8 {[%emt 0:00:54]} 29. Rxd6 {[%emt 0:00:05]} Nxd6 {[%emt 0:00:01]} 30. Rxd6 {[%emt 0:00:08]} h6 {[%emt 0:00:25]} 31. a4 {[%emt 0:00:08]} h5 {[%emt 0:00:36]} 32. Rd7 {[%emt 0:00:10]} a6 {[%emt 0:00:41]} 33. Be5 {[%emt 0:00:07]} a5 {[%emt 0:03:13]} 34. Bc7 {[%emt 0:00:15]} Kh7 {[%emt 0:00:17]} 35. Bxb6 {[%emt 0:00:13]} Rb8 {[%emt 0:00:08]} 36. Bxc5 {[%emt 0:00:27]} Rxb3 {[%emt 0:00:01]} 37. Rxf7+ {[%emt 0:00:16]} Kg6 {[%emt 0:00:02]} 38. Ra7 {[%emt 0:00:13]} Kxf6 {[%emt 0:00:20]} 39. Rxa5 {[%emt 0:00:04]} e5 {[%emt 0:00:08]} 40. Be3 {[%emt 0:00:00]} Rc3 {[%emt 0:00:00]} 41. c5 {[%emt 0:00:23]} Ke6 {[%emt 0:00:27]} 42. Ra8 {[%emt 0:00:03]} Kd5 {[%emt 0:00:06]} 43. a5 {[%emt 0:00:07]} Kc6 {[%emt 0:00:10]} 44. a6 {[%emt 0:00:04]} Ra3 {[%emt 0:00:21]} 45. Re8 {[%emt 0:00:11]} Kd5 {[%emt 0:00:11]} 46. c6 Kxc6 {[%emt 0:00:10]} 47. Rxe5 {[%emt 0:00:11]} Rxa6 {[%emt 0:00:17]} 48. Rxh5 {[%emt 0:00:05]} Kd7 {[%emt 0:00:07]} 49. Re5 {[%emt 0:00:07]} Kd6 {[%emt 0:00:23]} 50. Bf4 {[%emt 0:00:05]} Kd7 {[%emt 0:00:02]} 51. h5 {[%emt 0:00:06]} Ra8 {[%emt 0:00:18]} 52. g4 {[%emt 0:00:07]} Rf8 {[%emt 0:00:03]} 53. Kg3 {[%emt 0:00:07]} Rh8 {[%emt 0:00:21]} 54. h6 {[%emt 0:00:04]} Rh7 {[%emt 0:00:07]} 55. g5 {[%emt 0:00:05]} Kd6 {[%emt 0:00:03]} 56. Re1+ {[%emt 0:00:08]} Kd5 {[%emt 0:00:24]} 57. g6 {[%emt 0:00:03]} Rh8 1-0

[Event "12th Arad Open 2019"]
[Site "Arad"]
[Date "2019.07.25"]
[Round "2.31"]
[White "Kersten, Julian"]
[Black "Florescu, Codrut-Constantin"]
[Result "1/2-1/2"]
[WhiteElo "1951"]
[BlackElo "2312"]
[Annotator "TA"]
[PlyCount "98"]
[EventDate "2019.07.24"]
[EventType "swiss"]
[EventCountry "ROU"]
[SourceTitle "playchess.com"]
[Source "ChessBase"]
[SourceQuality "1"]

{[%evp 10,98,30,11,12,0,12,5,9,12,19,10,24,11,8,16,27,24,36,-8,-13,-22,0,0,0,-11,37,-30,3,0,0,0,0,0,18,0,0,-4,0,0,21,11,81,0,31,32,24,21,166,87,285,281,364,366,325,86,85,87,103,75,78,83,81,44,77,58,58,58,58,58,58,58,58,58,58,58,58,58,58,58,58,60,60,60,74,64,42,80,123,0,0]} 1. d4 Nf6 2. Bg5 e6 3. e4 h6 4. Bxf6 Qxf6 5. c3 d6 6. Bd3 e5 {A45: Trompowsky Attack} 7. Ne2 g6 8. O-O Bg7 9. f4 {Threatens to win with fxe5.} Qe7 10. Nd2 O-O 11. Nf3 Nd7 12. Qd2 exd4 13. cxd4 c5 {[#]} 14. d5 $146 ({Predecessor:} 14. Rae1 cxd4 15. Nexd4 {½-½ (26) Laznicka,V (2676)-Mchedlishvili,M (2607) Germany 2016}) 14... b5 {[%cal Bb7b5,Bb5b4][%mdl 32]} 15. Rae1 b4 16. Ng3 Bb7 17. Qc2 Nb6 18. Nd2 ({Better is} 18. f5 $14) 18... a5 19. Nc4 Nxc4 20. Bxc4 Rad8 21. Kh1 Kh7 22. Re2 Bd4 23. Bd3 Kg8 24. Ree1 Ra8 25. Bc4 Qd8 {[#]} (25... Rad8 $11 {keeps the balance.}) 26. Bd3 (26. e5 $1 $16) 26... Kg7 27. Ne2 Bf6 28. Ng1 g5 (28... a4 $11 {and Black has nothing to worry.}) 29. Qe2 ({White should play} 29. e5 $18 Be7 30. fxg5 hxg5 31. Qf2) 29... Bd4 $2 (29... gxf4 $16 {was necessary.} 30. Qg4+ Bg5) 30. Nf3 $18 f6 31. Nxd4 cxd4 32. f5 $2 (32. e5 $18 {is the precise move to win.} Bxd5 33. e6 (33. Qh5 f5 $18)) 32... Rc8 33. Rc1 Qe7 34. Qh5 Qf7 35. Qxf7+ Kxf7 36. Rfd1 Ke7 37. Bc4 Rc5 38. b3 Rfc8 39. Rxd4 Ba6 40. Kg1 Bxc4 41. Rdxc4 Rxc4 42. bxc4 $14 {[%mdl 4096] Endgame KR-KR} (42. Rxc4 $2 {too greedy.} Rxc4 43. bxc4 a4 $19) 42... a4 43. Kf2 Kd7 44. Ke3 Rb8 45. Rb1 h5 46. Kd4 h4 47. c5 dxc5+ 48. Kxc5 Rc8+ {[#]} 49. Kb5 (49. Kd4 $1 $16) 49... Rc2 {Accuracy: White = 47%, Black = 42%.} 1/2-1/2

[Event "12th Arad Open 2019"]
[Site "Arad"]
[Date "2019.07.25"]
[Round "2.32"]
[White "Obada, Ema"]
[Black "Gorodetzky, Matan"]
[Result "0-1"]
[WhiteElo "1946"]
[BlackElo "2290"]
[Annotator "TA"]
[PlyCount "68"]
[EventDate "2019.07.24"]
[EventType "swiss"]
[EventCountry "ROU"]
[SourceTitle "playchess.com"]
[Source "ChessBase"]
[SourceQuality "1"]

{[%evp 16,68,13,13,18,23,16,18,72,38,62,20,23,12,12,-18,-10,-9,-15,-34,-29,-68,-63,-77,-55,-92,-80,-115,-95,-231,-227,-227,-225,-417,-406,-422,-406,-459,-454,-464,-452,-463,-440,-482,-509,-614,-592,-727,-710,-959,-958,-941,-931,-1091,-943]} 1. e4 e6 2. d4 d5 3. Nc3 Nf6 4. e5 Nfd7 5. f4 c5 6. Nf3 Nc6 7. Be3 a6 8. Qd2 b5 {[%cal Bb7b5,Bb5b4][%mdl 32]} 9. a3 Qa5 {C11: French: Classical System: 4 e5 and 4 Bg5 dxe4} 10. Be2 b4 11. Nd1 g6 $146 (11... c4 $11) ({Predecessor:} 11... bxa3 12. Qxa5 Nxa5 13. dxc5 Nc4 14. b4 a5 15. Bxc4 dxc4 16. Rxa3 Rb8 17. Rxa5 Rxb4 {1-0 (29) Vallejo Pons,F (2706)-Ponkratov,P (2620) Moscow 2015}) 12. O-O Bb7 13. Nf2 bxa3 14. Qxa5 Nxa5 15. bxa3 cxd4 16. Nxd4 Bc5 17. Rab1 O-O 18. c3 Rfc8 19. a4 Rc7 20. g4 Ba7 21. Rfc1 Rac8 22. Kf1 (22. Bd2 $17) 22... Rxc3 $19 23. Rxc3 Rxc3 24. Bd2 $2 (24. Bd3) 24... Bxd4 25. Bxc3 Bxc3 26. Nd3 d4 {Black is clearly winning.} 27. Kf2 Bc6 28. Nb4 Bxa4 29. Nxa6 {[#]} g5 $1 30. Nb8 (30. fxg5 Bc2) 30... Nc5 31. f5 d3 {Threatens to win with ...Bc2.} 32. Bf3 Bxe5 33. Rb4 d2 {[#] And now ...Nd3+ would win.} 34. Nd7 Nd3+ {Accuracy: White = 12%, Black = 69%.} 0-1

[Event "12th Arad Open 2019"]
[Site "Arad"]
[Date "2019.07.25"]
[Round "2.33"]
[White "Gilea, Lucian"]
[Black "Martin Perez, Javier"]
[Result "1-0"]
[WhiteElo "2287"]
[BlackElo "1961"]
[Annotator "TA"]
[PlyCount "85"]
[EventDate "2019.07.24"]
[EventType "swiss"]
[EventCountry "ROU"]
[SourceTitle "playchess.com"]
[Source "ChessBase"]
[SourceQuality "1"]

{[%evp 20,85,1,0,11,11,11,11,25,12,0,-42,-36,-45,-39,-43,12,7,25,17,95,14,53,37,71,72,47,63,89,0,-12,-75,-85,-70,-50,-66,-44,-47,-45,-170,-67,-93,-79,-104,0,0,66,58,168,177,247,255,296,240,385,376,272,221,270,225,223,215,267,235,281,281,336,332]} 1. d4 d5 2. c4 c6 3. Nf3 Nf6 4. g3 e6 5. Bg2 Nbd7 6. O-O Be7 7. Qc2 O-O 8. Nbd2 b6 9. Rd1 Bb7 10. b3 Rc8 11. Bb2 Qc7 {E09: Closed Catalan: Main Line: 7 Qc2 c6 8 Nbd2} 12. Rac1 Qb8 13. e4 Qa8 {The position is equal.} (13... Rfd8 14. Ne1 c5 15. exd5 exd5 16. Qf5 dxc4 17. Nxc4 Bxg2 18. Nxg2 cxd4 19. Bxd4 Qb7 20. Nf4 {½-½ (29) Plat,V (2532)-Seifert,V (2359) Germany 2017}) 14. c5 $146 ({Predecessor:} 14. Ne5 c5 15. exd5 exd5 16. Qf5 g6 17. Qh3 Nxe5 18. dxe5 Nh5 19. cxd5 Bxd5 20. Bxd5 Qxd5 {1-0 (63) Garcia Paolicchi,R (2263)-Gutierrez Castillo,P (2106) Ciudad Real 2004}) 14... bxc5 15. e5 Ne8 $1 16. Ba3 {[%cal Rd4c5]} Nc7 17. Bf1 Nb5 ({Black should try} 17... Ba6 $15) 18. Bxc5 $1 $11 Nxc5 19. dxc5 Ba6 (19... a5 $11 {remains equal.}) 20. Nb1 (20. b4 $16) 20... Qb8 21. Bh3 Rcd8 22. a4 {aiming for b4.} Nc7 23. Nd4 Bb7 {next ...Na6 is good for Black.} 24. Bf1 (24. Qc3 $16) 24... f6 25. exf6 (25. f4 $11) 25... Bxf6 $17 26. f4 e5 (26... Bxd4+ $5 27. Rxd4 e5 $1 {[%mdl 512]} 28. fxe5 Ne6 $15) 27. fxe5 Bxe5 28. b4 {[%cal Bb3b4,Bb4b5][%mdl 32]} Qc8 {...Qg4 is the strong threat.} 29. Qd2 (29. Qd3 $15) 29... Ne6 (29... Qg4 $19 30. Bg2 Rde8) 30. Nxe6 Qxe6 31. Nc3 Qf6 ({Black should play} 31... Qg4 $17 {Strongly threatening ...Bc8.} 32. Qe2 Qg5) 32. Bg2 $11 Ba6 (32... Rfe8 $11 33. Ne2 Ba6) 33. b5 $14 Bxc3 (33... Bb7 $1 $14) 34. Qxc3 $18 cxb5 (34... Qxc3 {was worth a try.} 35. Rxc3 Bb7) 35. Qxf6 (35. Bxd5+ {[#]} Rxd5 $1 {[%mdl 512]} 36. Rxd5 Qf2+ 37. Kh1 b4 $17) (35. Rxd5 Qxc3 36. Rxc3 bxa4 $14) 35... Rxf6 36. c6 ({Weaker is} 36. Rxd5 Rxd5 37. Bxd5+ Kf8 $16) 36... Rc8 (36... bxa4 $142 37. c7 Rdf8 38. Bxd5+ Kh8) 37. c7 bxa4 38. Bh3 Re8 39. c8=Q Bxc8 40. Bxc8 a3 41. Bb7 Rb6 42. Bxd5+ Kf8 43. Rc7 {Accuracy: White = 54%, Black = 17%.} 1-0

[Event "12th Arad Open 2019"]
[Site "Arad"]
[Date "2019.07.25"]
[Round "2.34"]
[White "Turlea, Constantin"]
[Black "Dicu, Razvan-Stefan"]
[Result "0-1"]
[WhiteElo "1938"]
[BlackElo "2286"]
[Annotator "TA"]
[PlyCount "74"]
[EventDate "2019.07.24"]
[EventType "swiss"]
[EventCountry "ROU"]
[SourceTitle "playchess.com"]
[Source "ChessBase"]
[SourceQuality "1"]

{[%evp 19,74,0,14,-38,-39,-46,-42,-53,-50,-43,-54,-54,-51,-54,-54,-116,-119,-120,-109,-122,-77,-96,-71,-60,-35,-21,-29,-24,-7,-7,-7,-6,-4,-14,-16,-27,-13,-27,-45,-25,-10,-34,0,0,0,0,0,0,0,0,0,0,0,-106,-104,-736,-706]} 1. d4 Nf6 2. c4 c6 3. Nc3 d5 4. e3 a6 5. Nf3 b5 6. b3 Bg4 7. Be2 e6 8. O-O Nbd7 9. Bb2 Bd6 10. Rc1 O-O (10... Bxf3 {feels hotter.} 11. gxf3 bxc4 12. Na4 Nb6 13. bxc4 Nxc4 14. Bxc4 dxc4 15. Rxc4 Qa5) 11. Nb1 $146 {D15: Slav Defence: 4 Nc3 a6 and gambit lines after 4 Nc3 dxc4} ({Better is} 11. h3 $11 Bf5 12. Nh4 (12. cxb5 axb5 13. a4 bxa4 $11)) ({Predecessor:} 11. h3 Bh5 12. Ne5 Bxe2 13. Nxe2 Rc8 14. Nf4 Ne4 15. Nfd3 f6 16. Nf3 Bb8 17. Rc2 Qb6 18. Qe2 Qb7 19. Rfc1 Rfe8 20. Nf4 Nf8 21. a4 Nd6 {0-1 (33) Korobov,A (2700)-Movsesian,S (2658) Berlin 2015}) 11... bxc4 $15 12. bxc4 Bxf3 13. Bxf3 {[#]Black is slightly better.} Bxh2+ $1 {[%mdl 576] Decoy} 14. Kxh2 {Strongly threatening Kg1.} Qb8+ {[%mdl 64] Double Attack} 15. Kg1 {Threatens to win with Ba3.} Qxb2 16. Qa4 Nb6 17. Qxc6 (17. Qc2 $15 Qxc2 18. Rxc2) 17... Nxc4 $17 18. Qa4 Rab8 19. Rc2 Qb5 20. Nc3 Qxa4 21. Nxa4 Nd7 22. Be2 $1 Rb4 23. Bxc4 $1 Rxc4 (23... Rxa4 {with more complications.} 24. Bb3 Ra3 25. Rfc1 g6 26. Rc7 Nb6) 24. Rxc4 dxc4 $11 {[%mdl 4096] Endgame KRN-KRN} 25. Rc1 Rc8 26. Kf1 Kf8 27. Ke2 Ke7 28. Kd2 h5 29. Rb1 Rc7 30. Kc3 e5 31. Nb6 {Hoping for Nd5+.} exd4+ 32. exd4 {Nd5+ is the strong threat.} Rc6 33. Nxc4 Nf6 34. Kd3 Nd5 35. g3 g5 36. Ne5 {[#]} (36. Re1+ $11 {remains equal.} Kf6 37. Ne3 Nb4+ 38. Ke4) 36... Rc3+ $1 $17 37. Ke4 $2 {[%mdl 8192]} (37. Kd2 $17) 37... Ke6 {Accuracy: White = 46%, Black = 72%.} 0-1

[Event "12th Arad Open 2019"]
[Site "Arad"]
[Date "2019.07.25"]
[Round "2.35"]
[White "Nastase, Robert-Paul"]
[Black "Stancu, Ovidiu-Grigore"]
[Result "1-0"]
[WhiteElo "2283"]
[BlackElo "1948"]
[Annotator "TA"]
[PlyCount "101"]
[EventDate "2019.07.24"]
[EventType "swiss"]
[EventCountry "ROU"]
[SourceTitle "playchess.com"]
[Source "ChessBase"]
[SourceQuality "1"]

{[%evp 12,101,18,10,20,19,18,21,27,9,54,48,56,42,59,55,70,64,70,56,69,50,88,84,78,66,58,43,94,70,67,47,66,37,36,38,33,18,40,62,105,95,142,133,137,151,151,149,133,124,716,265,254,256,269,271,265,229,398,384,429,429,463,464,435,456,447,435,524,444,402,427,483,481,399,281,270,247,1258,1228,4718,1250,1242,1222,1196,1142,1111,1111,976,962,934,906]} 1. e4 e6 2. d4 d5 3. Nc3 Bb4 4. e5 c5 5. a3 Bxc3+ 6. bxc3 Qa5 7. Bd2 Nc6 {C18: French: 3 Nc3 Bb4: Main line: 7 h4 and 7 Qg4} (7... c4 8. h4 Ne7 9. h5 h6 10. Nh3 Qa4 11. Nf4 Nbc6 12. g3 Bd7 13. Bh3 O-O-O 14. O-O Kb8 15. Kh2 Ka8 {0-1 (35) Svidler,P (2753)-Yu,Y (2759) Shenzhen 2018}) 8. Qg4 Kf8 9. Nf3 Qa4 {The position is equal.} 10. Ra2 c4 11. Be2 Nge7 12. h4 $146 ({Predecessor:} 12. O-O b5 13. Ng5 h6 14. Nh3 Rb8 15. Rfa1 {1-0 (83) Jul Perez,A (2020)-Lopez Pajuelo,S (1947) Barbera del Valles 2017}) 12... Qb5 13. O-O Qa5 14. h5 {aiming for h6.} h6 15. a4 Bd7 16. Rb1 Nd8 17. Rba1 Ndc6 18. Qf4 Kg8 19. g4 Qd8 ({Black should try} 19... Rf8 $14) 20. Bc1 b6 21. Ba3 Qe8 22. Nh4 g5 23. hxg6 $1 fxg6 {Strongly threatening ...g5.} 24. Qg3 g5 25. Ng2 $1 Ng6 26. Rf1 Rh7 27. f4 gxf4 28. Nxf4 Nxf4 29. Rxf4 (29. Qxf4 $6 Qg6 $16) 29... Qg6 30. Rf6 Qe4 $2 {[%mdl 8192] [#]} (30... Qg7 $16 31. Qf4 Re8) 31. Qf2 $2 (31. Bd3 $1 {[%mdl 512]} Nxd4 (31... cxd3 32. cxd3) 32. Bxe4 Ne2+ 33. Kh2 Nxg3 34. Bxh7+ Kxh7 35. Kxg3) 31... Rg7 $18 32. Bf3 $40 {[%mdl 128] Black is in trouble.} ({Don't take} 32. Rxh6 $6 Rf7 $18) 32... Qh7 {[#]} 33. Bxd5 $1 {[%mdl 576] Double Attack, Pin} Rxg4+ (33... exd5 34. Rf8+) 34. Kf1 {White wants to mate with Rf8+.} Qg7 $2 (34... Kh8) 35. Bf3 Rg5 36. Bc1 Rf8 {intending ...Rf5.} 37. Bxg5 hxg5 38. Be4 {Black must now prevent Bh7+!} Rxf6 39. exf6 ({Less strong is} 39. Qxf6 Qxf6+ 40. exf6 Kf7 $16) 39... Qf7 40. Ke2 Qh5+ 41. Kd2 Qh4 42. Qxh4 gxh4 {[%mdl 4096] Endgame KRB-KBN} 43. Ra1 {And now Rg1+ would win.} Kf7 44. Rf1 {Threatens to win with Bg6+!} Nb8 $2 {[#]} (44... Nd8 45. Bf3 Kg6) 45. Bg6+ $1 {[%mdl 512] White is clearly winning.} Kf8 (45... Kxg6 46. f7) 46. Rf4 Be8 47. f7 Bxa4 48. Rxh4 {Intending Rh8+ and mate.} Nd7 49. Rh8+ Ke7 50. Re8+ Kf6 51. Bh5 {Accuracy: White = 67%, Black = 37%.} 1-0